[Event "FIDE World Cup"]
[Site "Khanty-Mansiysk"]
[Date "2005.12.13"]
[Round "6.2"]
[White "Aronian, Levon"]
[Black "Bacrot, Etienne"]
[Result "1-0"]
[WhiteElo "2724"]
[BlackElo "2725"]
[Annotator "Ftacnik,L"]
[PlyCount "100"]
[EventDate "2005.11.27"]
[EventType "k.o."]
[EventRounds "7"]
[EventCountry "RUS"]
[SourceTitle "CBM 111"]
[Source "ChessBase"]
[SourceDate "2006.04.04"]
[SourceVersion "1"]
[SourceVersionDate "2006.04.04"]
[SourceQuality "1"]

1. d4 d5 2. c4 c6 3. Nf3 Nf6 4. Nc3 a6 5. a4 e6 6. g3 dxc4 7. Bg2 c5 8. dxc5
Qxd1+ 9. Nxd1 Nc6 10. Be3 Nd5 11. O-O {Aronian is hinting, that he would be
happy even with a small advantage in a style of Catalan opening. The defender
must be careful when choosing the transposition from middlegame into pure
endgame.} (11. Rc1 c3 12. O-O Bd7 13. Bf4 Bxc5 14. Nxc3 Nxf4 15. gxf4 Bb4 16.
Ne4 Ke7 17. Nc5 Bxc5 18. Rxc5 Rac8 19. Rfc1 Nb4 {1/2-1/2 Hertneck,G-Kindermann,
S/Germany 2001/ (23)}) 11... Nxe3 (11... Bd7 12. Nd2 Na5 (12... Rc8 $5 13. Nxc4
Nxe3 14. Ndxe3 Bxc5 15. Rfd1 Ke7 $11) 13. Bd4 f6 14. Ne3 Nxe3 15. Bxe3 Rc8 16.
Rac1 Bxa4 17. Ra1 Bxc5 18. Bxc5 Rxc5 19. Rxa4 Ke7 20. Rfa1 (20. Rc1 Rhc8 21. e3
$18) 20... b6 21. Rb4 Rd8 22. Ne4 $16 {1/2-1/2 Bui Vinh-Le Quang,L/Hue 2005/ 
(53)}) 12. Nxe3 Bxc5 13. Nxc4 Ke7 14. Rac1 Bd7 $6 {Bacrot was feeling
endangered and is ready to accept distinct disadvantage. The analyses has
proven, that the logical move 14...Rd8!? was keeping balance.} (14... Rd8 $5
15. Nce5 Nxe5 16. Rxc5 Nxf3+ 17. Bxf3 Rb8 18. Rc7+ (18. Rfc1 Bd7 19. Rc7 Rdc8
$11) 18... Rd7 19. Rfc1 Kd8 20. R7c2 b6 $11) 15. Nfe5 $1 Nxe5 (15... Rac8 $2
16. Nxd7 Kxd7 17. Bxc6+ Kxc6 18. Ne5+ Kd5 19. Nxf7 Rhf8 20. Rfd1+ Ke4 21. Rxc5
$1 Rxc5 22. Nd6+ Ke5 23. f4+ Kf6 24. Ne4+ $18) 16. Nxe5 Bd6 17. Nxd7 Kxd7 18.
Bxb7 Ra7 19. Bc6+ Ke7 20. b3 {The advantage of a pawn in the endgame with
bishop's of opposite colour is minimal, but the presence of the rooks is
radically altering the evaluation. The defender has to suffer before he can
reach the coveted drawish port.} Rb8 21. Rb1 f5 22. e3 Rc7 23. Bf3 Rc3 24. Be2
Rcxb3 (24... a5 25. Bc4 $14) 25. Rxb3 Rxb3 26. Bxa6 Ra3 27. Bb5 Be5 $1 28. Kg2
Ra1 29. Rxa1 Bxa1 30. a5 $1 Be5 31. a6 Bb8 32. h4 Ba7 $6 {[%mdl 4096] Bacrot
is not paying enough attention and radically complicates his task. Aronian
would have much bigger problems to prove his chances after the best defense 32.
..Kf6.} (32... Kf6 33. Kf3 g6 34. g4 h6 $1 $14) 33. Kf3 Kf6 34. g4 $1 h6 (34...
g6 $2 35. g5+ $1 Ke7 36. Bd3 Kd6 37. e4 Bb6 38. exf5 exf5 39. Bc4 Ke7 40. Bg8
Kf8 41. Bxh7 Kg7 42. Bxg6 Kxg6 43. Ke2 Kh5 44. f3 $18) (34... Bb6 35. gxf5 exf5
$16) 35. h5 $1 g5 $2 {The thorough analyses of this fascinating endgame have
proben, that only this move is pushing black over the edge. In the positions
with bishops of the opposite colour the weaker side is usually trying to swap
many pawns, but our game is an exception to the rule. The normal moves are
losing and the draw could have been had only with 35...Ke5!} (35... Bb6 36. Be8
Ba7 37. Bg6 Bb6 38. gxf5 exf5 39. Ke2 Ke5 40. f3 Ba7 41. Kd3 Bb6 42. e4 fxe4+
43. fxe4 Bf2 44. Kc4 Kd6 45. Kb5 Be3 46. e5+ Kxe5 47. Kc6 Ke6 48. Kb7 Ke7 49.
a7 Bxa7 50. Kxa7 $18) (35... fxg4+ 36. Kxg4 Bb8 37. Bd3 Ba7 38. Bg6 Bb6 39. Kf4
Ba7 40. Ke4 Ke7 41. f4 Kd6 42. Kd3 Bb6 43. e4 Ba7 44. Kc4 Bf2 45. e5+ Ke7 (
45... Kc6 46. f5 Kb6 47. fxe6 Bh4 48. Kd5 Bg5 49. a7 Kxa7 50. Kc6 $18) 46. Kb5
Kd7 47. Be4 Kc7 48. Bf3 Be3 49. Bg2 Bf2 50. Bh3 Be3 51. Bxe6 Bxf4 52. a7 Kb7
53. Bd5+ Kxa7 54. e6 Bg5 55. Kc6 Kb8 56. Kd7 $18) (35... Ke5 $1 36. Be8 (36.
gxf5 exf5 37. Ke2 f4 $11) 36... Bb6 37. Bg6 Ba7 38. gxf5 exf5 39. Ke2 f4 $1 40.
e4 (40. Kf3 Bb6 41. exf4+ Kd6 42. Ke4 Kc7 43. Kd5 Kb8 44. Ke6 Bd4 $11) 40...
Bb6 41. f3 Ba7 42. Kd3 Bg1 43. Kc4 Bf2 44. Kb5 Kd6 45. e5+ (45. Bf5 Bg1 46. Bg4
Bf2 47. e5+ Kxe5 48. Kc6 Kf6 49. Kb7 g6 $1 50. a7 Bxa7 51. Kxa7 gxh5 52. Bxh5
Kg5 53. Bf7 Kh4 54. Kb6 Kg3 55. Bh5 Kh4 56. Be8 Kg3 $11) 45... Kxe5 46. Kc6 Kf6
47. Kb7 Kg5 48. a7 Bxa7 49. Kxa7 Kh4 $1 50. Kb6 Kg3 51. Be4 Kh4 52. Bg6 Kg3 $11
) 36. hxg6 Kxg6 37. gxf5+ exf5 38. Bf1 $1 Kg5 39. Kg3 {Aronian had a clear way
to win with a strcuture of white pawns e3-f4 and bishop on h3.} (39. Bh3 h5 40.
Ke2 f4 (40... h4 41. f4+ Kf6 42. Kf3 $18) 41. e4 Kf6 42. f3 Ke5 43. Kd3 h4 44.
Ke2 $1 Bb6 45. Kf1 Bc5 46. Kg2 Bb6 47. Bc8 Bc5 48. Kh3 Bf2 49. Kg4 $22 $18)
39... Kf6 40. Bg2 Bb6 41. Kh4 $6 {It was not too late to return with a king to
f3 and realize the main idea.} (41. Kf3 $18) 41... Kg6 42. Bc6 Bd8+ 43. Kg3 Bb6
44. e4 $2 Kf6 45. f4 fxe4 46. Bxe4 Ke6 47. Kg4 Kf6 48. Bg2 Ba7 49. Bh3 Bc5 50.
f5 $2 {Unprecise move, since the best chances for win were promised by the
transfer of the king to e4 or by temo of the bishop 50.Bf1.} (50. Kf3 Ke7 51.
Ke4 Kd6 52. Kf5 (52. f5 Kc7 53. f6 Kb6 54. Bf1 Bf8 55. Kf5 Ka7 56. Kg6 Kb6)
52... Kc7 53. Kg6 Kb6 54. Bf1 Bf8 55. f5 (55. Kf7 Bd6 56. f5 h5) 55... Ka7 56.
f6 Kb6 57. f7 Ka7 58. Kh7 h5 59. Kg8 Bc5 60. f8=Q Bxf8 61. Kxf8 h4 62. Ke7 h3
$11) (50. Bf1 h5+ 51. Kf3 (51. Kg3 Ba7 52. Be2 (52. Kf3 h4 53. Ke4 Ke7 54. Kd5
Kd7 55. Bh3+ Kc7) 52... Kg6 53. Bd3+ Kg7 $1 (53... Kf6 $2 54. Kh4 $18) 54. Kf3
h4 55. Kg4 Bf2 56. Kf5 Kf7 57. Bc4+ Ke7 58. Kg6 h3 59. f5 Kf8) 51... h4 $1 52.
Bh3 (52. Kg4 Bf2 53. Bg2 Ke7 54. Kg5 Kd8 55. f5 Kc7 56. f6 Kb6 57. f7 Bc5 58.
Bf1 h3 $11) 52... Ke7 53. Kg4 (53. Ke4 Kd6 54. Kf5 Kc7 55. Kg4 Kb6 56. Bf1 Be7)
53... Bf2 54. f5 Kf6 $1 55. Kf3 Ba7 56. Ke4 Ke7 57. Kd5 Kd7 $1 $11) 50... Ba7 {
Bacrot has played the worst move in the game since together with a bishop move
he resigned- most probably in the drawish position! Chess is a very
complicated game even for the guys with 2700 ratings.} (50... Ba7 51. Kf4 h5
52. Ke4 Ke7 53. Kd5 Kd7 $1 54. f6+ Ke8 55. Be6 h4 56. Kc6 h3 57. Kb7 h2 58. Bd5
Bd4 59. a7 Bxa7 60. Kxa7 h1=Q 61. Bxh1 Kf7 $11) 1-0

[Event "Interzonal-14a"]
[Site "Subotica"]
[Date "1987.??.??"]
[Round "16"]
[White "Alburt, Lev O"]
[Black "Speelman, Jonathan S"]
[Result "1/2-1/2"]
[WhiteElo "2575"]
[BlackElo "2550"]
[Annotator "Ftacnik,L"]
[PlyCount "85"]
[EventDate "1987.06.??"]
[EventType "tourn"]
[EventRounds "17"]
[EventCountry "YUG"]
[EventCategory "11"]
[SourceTitle "CBM 003"]
[Source "ChessBase"]
[SourceDate "1988.04.01"]
[SourceVersion "1"]
[SourceVersionDate "1988.04.01"]
[SourceQuality "1"]

1. d4 d5 2. Nf3 c6 3. c4 Nf6 4. Nc3 dxc4 5. e4 b5 6. e5 Nd5 7. a4 e6 8. Ng5 Bb4
$5 9. Qh5 (9. Bd2 $5 Nxc3 10. bxc3 Bxc3 $2 11. Bxc3 Qxg5 12. axb5 $16) 9... g6
10. Qf3 (10. Qh3 Nxc3 11. bxc3 Qxd4 {Speelman}) 10... f6 (10... O-O $5 11. Nge4
{/\ Bg5~/=} (11. Qh3 h5 12. g4 $6 Nxc3 13. bxc3 Qxd4 14. Bd2 Qxe5+ 15. Be2))
11. exf6 (11. Nge4 f5) 11... Qxf6 12. Qxf6 Nxf6 13. Bd2 $44 O-O (13... h6 $1
14. Nf3 {/\ Ne5} Nbd7 15. axb5 Bxc3 16. Bxc3 cxb5 17. b3 $44) 14. g3 a6 (14...
Bxc3 15. bxc3 h6 16. Nf3 Ne4 17. Bxh6 Rxf3 18. Bg2 $16) 15. Bg2 Ra7 16. O-O {
/\ ab5} Re7 (16... Bxc3) 17. Bf4 $16 e5 $8 (17... Nbd7 18. Na2 $18) (17... Bb7
18. Na2 $18) 18. Bxe5 Nbd7 19. Na2 $5 (19. Bf4 $1 $16) 19... Nxe5 20. dxe5 (20.
Nxb4 Nd3 21. Nxd3 cxd3 22. Bxc6 Bg4 $1 23. f3 Bd7 24. axb5 axb5 25. Bxd7 $10 (
25. Ra7 $6 d2 $17)) 20... Rxe5 21. Nf3 Bd6 22. Nxe5 Bxe5 23. Nc3 $6 (23. axb5
cxb5 (23... Bxb2 24. Rab1 c3 25. bxc6 $16) 24. Nc3 $14 {<-> a}) 23... b4 $1 24.
Nd1 c5 25. Rc1 a5 26. Re1 Bd4 27. Rxc4 (27. Bf1 Ng4) 27... Bd7 $1 28. b3 Be8 $2
(28... Kf7 $1 {/\ Be6} 29. Rc1 Be6 30. Rb1 Bf5 $10) 29. Rc1 $2 (29. Bh3 $16 Bf7
30. Be6 $18) 29... Bf7 30. Rb1 c4 $1 $44 (30... Nd5 $6 31. Bxd5 $1 Bxd5 32. Ne3
$14 (32. Re7 $14)) 31. bxc4 Bxc4 32. Bh3 (32. Re7) 32... Bd3 33. Rc1 Ne4 34.
Be6+ Kh8 35. Kg2 Nxf2 (35... Nc5 $5) 36. Nxf2 Rxf2+ 37. Kh3 Bc3 38. Red1 Bc2
39. Rxc2 $2 (39. Rd8+ Kg7 40. Rg8+ Kh6 41. Ra8 $5 (41. Rxc2 Rxc2 42. Ra8 $15))
39... Rxc2 40. Rd8+ Kg7 41. Ra8 Re2 $2 (41... Bd4 42. Rxa5 Bg1 43. Rb5 (43. Kg4
Bxh2 {/\ Rc3}) 43... h5 44. g4 Rxh2+ 45. Kg3 h4+ 46. Kf4 $17) 42. Bc4 $10 Re5
43. Ra7+ (43. Ra7+ Kh6 44. Bg8) 1/2-1/2

[Event "Rubinstein Memorial 37th"]
[Site "Polanica Zdroj"]
[Date "2000.08.19"]
[Round "3"]
[White "Krasenkow, Michal"]
[Black "Movsesian, Sergei"]
[Result "0-1"]
[WhiteElo "2702"]
[BlackElo "2666"]
[Annotator "Ftacnik,L"]
[PlyCount "70"]
[EventDate "2000.08.17"]
[EventType "tourn"]
[EventRounds "9"]
[EventCountry "POL"]
[EventCategory "17"]
[SourceTitle "CBM 079"]
[Source "ChessBase"]
[SourceDate "2000.11.21"]
[SourceVersion "1"]
[SourceVersionDate "2000.11.21"]
[SourceQuality "1"]

1. Nf3 Nf6 2. c4 c6 3. Nc3 d5 4. d4 a6 5. c5 Nbd7 6. Bf4 Nh5 7. Bd2 Nhf6 8. b4
g6 9. Qc1 h6 (9... Bg7 10. Bh6 $5 $14) 10. e3 (10. Bf4 Nh5) 10... Bg7 11. Bd3
O-O 12. O-O e5 $1 {The key move to the active concept offering black excellent
counterchances.} 13. Nxe5 (13. dxe5 Ng4 14. e6 fxe6 (14... Nde5 $2 15. Nxe5
Nxe5 16. exf7+ Rxf7 17. Bc2 Qh4 18. f4 Ng4 19. h3 $16) 15. Bxg6 Rxf3 $1 16.
gxf3 Nge5 17. Bc2 Nxf3+ 18. Kg2 Qf6 $17) 13... Nxe5 14. dxe5 Ng4 15. Na4 (15.
f4 d4 $1 16. h3 (16. Bc2 dxc3 17. Bxc3 h5 $17) 16... dxc3 (16... dxe3 17. hxg4
Qxd3 18. Bxe3 Bxg4 $15) 17. Qxc3 Nxe5 18. fxe5 Bxh3 $1 19. gxh3 Qg5+ 20. Kh1
Bxe5 21. Qc2 Qg3 $17) 15... Qh4 16. h3 Nxe5 17. Be2 (17. Bc2 Bxh3 18. gxh3 Qxh3
$19) 17... Bxh3 $1 {[%mdl 128] White's poorly coordinated pieces will have
enough problems to prevent outright catastrophy looming upon his king.} 18.
gxh3 (18. f4 Qg3 19. Rf2 Ng4 $19) 18... Qxh3 19. f4 (19. Bc3 Rae8 $5 (19... Ng4
20. Bxg4 Qxg4+ 21. Kh2 Rae8 22. Bxg7 Qh5+ 23. Kg2 Re4 24. f3 Rh4 25. Rh1 $14) (
19... f5 20. f4 Ng4 21. Bxg4 fxg4 22. Qe1 Rfe8 $19) 20. Qd1 Nf3+ 21. Bxf3 Be5
22. Bxe5 Rxe5 23. Bg4 Rg5 24. f3 f5 25. Qc2 fxg4 26. f4 Rh5 27. Qg2 Qxe3+ 28.
Qf2 Qe4 29. Qg2 Qxb4 $19) (19. Qd1 Nf3+ $1 20. Bxf3 Be5 21. Re1 Bh2+ 22. Kh1
Bg3+ $19) (19. f3 d4 20. Qe1 Rfe8 $40) 19... Qg3+ (19... Ng4 20. Bxg4 Qxg4+ 21.
Kf2 (21. Kh1 Bxa1 22. Qxa1 Rae8 $19) 21... Bf6 22. Rh1 Bh4+ 23. Rxh4 Qxh4+ $17)
20. Kh1 d4 $1 21. Qe1 (21. fxe5 Bxe5 22. Rf4 dxe3 23. Bxe3 Bxa1 24. Bf2 Qg5 $19
) (21. exd4 Qh3+ 22. Kg1 Ng4 23. Bxg4 Bxd4+ 24. Rf2 Qxg4+ $19) (21. Nb2 Qh3+
22. Kg1 Ng4 23. Bxg4 Qxg4+ 24. Kf2 Bf6 25. Rh1 Bh4+ 26. Rxh4 Qxh4+ $17) 21...
Qh3+ 22. Kg1 dxe3 23. Bc3 (23. fxe5 Bxe5 $19) 23... Ng4 24. Bxg4 Qxg4+ 25. Kh2
(25. Kh1 Qh3+ 26. Kg1 Rfd8 27. Bxg7 Rd2 28. Qxd2 exd2 $19) 25... Rfe8 {Black
is blessed with a dangerous e3 pawn, attacking chances and three pawns for a
piece.} 26. Qg3 (26. Bxg7 e2 $1 27. Be5 (27. Rf2 Re3 28. Rg2 Qxf4+ 29. Kg1 Kxg7
$19) 27... exf1=Q 28. Qxf1 Rad8 29. Qg2 Qh4+ 30. Kg1 Rxe5 31. fxe5 Qd4+ $19)
26... Qf5 27. Bxg7 Kxg7 28. Nb6 (28. Rae1 $2 Qc2+ 29. Kh1 Qxa4 $19) 28... Rad8
29. Rae1 (29. Rad1 $2 Rxd1 30. Rxd1 Qh5+ $19) 29... Rd2+ 30. Kg1 (30. Kh1 Rxa2
$19) 30... Re4 31. a3 (31. Rxe3 $2 Rxe3 32. Qxe3 Qg4+ $19) 31... Qf6 32. Nc8 (
32. Rxe3 Qd4 33. Rfe1 Rxf4 $19) 32... Qd4 33. Rf3 (33. Nd6 e2+ 34. Rf2 Rd1 $1
35. Nf5+ Kh7 36. Nxd4 Rxe1+ 37. Kh2 Rh1+ 38. Kxh1 e1=Q+ 39. Qg1 Qxg1+ 40. Kxg1
Rxd4 $19) 33... e2+ $6 (33... Rd1 34. Rxd1 Qxd1+ 35. Rf1 e2 36. Re1 Rxf4 37.
Qxf4 Qxe1+ 38. Kg2 Qc3 $19) 34. Kg2 $2 (34. Qf2 $1 Qf6 (34... Rd1 35. Qxd4+)
35. Nd6 Rd1 36. Nxe4 Qa1 37. Re3 Rxe1+ 38. Kg2 $13) 34... Rd1 35. Nd6 (35. Qh4
Qa1 36. Rh3 Rxe1 37. Qxh6+ Kg8 38. Qh7+ Kf8 39. Qh6+ Qg7 $19) 35... Qa1 $1 (
35... Qa1 $1 36. Nxe4 Rxe1 37. Qf2 Rg1+ 38. Qxg1 Qxg1+ 39. Kxg1 e1=Q+ $19) 0-1

[Event "Ischia"]
[Site "Ischia"]
[Date "1996.??.??"]
[Round "6"]
[White "Gofshtein, Leonid D"]
[Black "Hodgson, Julian M"]
[Result "1-0"]
[WhiteElo "2540"]
[BlackElo "2615"]
[Annotator "Ftacnik,L"]
[PlyCount "67"]
[EventDate "1996.06.??"]
[EventType "tourn"]
[EventRounds "9"]
[EventCountry "ITA"]
[EventCategory "14"]
[SourceTitle "CBM 054"]
[Source "ChessBase"]
[SourceDate "1996.10.01"]
[SourceVersion "1"]
[SourceVersionDate "1996.10.01"]
[SourceQuality "1"]

1. d4 {Baburin Greenfeld Petursson} d5 2. c4 c6 3. Nf3 Nf6 4. Nc3 a6 5. Ne5 (5.
a4 {Greenfeld} e6 6. Bg5 Bb4 7. e3 h6 8. Bh4 Nbd7 9. Bd3 b6 10. O-O Bb7 11. Ne5
Nxe5 $5 12. dxe5 dxc4 13. exf6 Qxd3 $2 (13... g5 14. Bxc4 Qxd1 15. Rfxd1 gxh4
16. Rd4 $14) 14. fxg7 Rg8 15. Qf3 $1 Rxg7 16. Ne4 f5 17. Qh5+ Kf8 18. Ng3 {
Khalifman,A-Hodgson,J/Ischia(04)/1996/1:0/}) 5... b5 6. cxd5 cxd5 7. Bf4 (7.
Qb3 e6 8. Bg5 Be7 9. e3 O-O 10. Be2 Bb7 11. O-O Nbd7 12. Nxd7 Nxd7 13. Bxe7
Qxe7 14. a4 b4 15. Na2 a5 16. Bb5 Nb6 17. Qd3 Nc4 18. b3 Nd6 {1/2-1/2 Stanciu,
G-Brandis,I/Bucharest-W (05)/1993/ (38)}) (7. g3 Bb7 8. Bg2 e6 9. O-O Be7 10.
Bf4 Nc6 11. Rc1 Qb6 (11... Rc8 {Greenfeld}) 12. e4 $1 Nxe5 (12... Qxd4 13. exd5
$18) 13. dxe5 Nxe4 14. Nxe4 dxe4 15. Qg4 g5 16. Be3 h5 17. Qe2 Qa5 18. b3 Rd8 {
1/2-1/2 Lalic,B-Hodgson,J/Hastings9596 (06)/1996/ (41)}) 7... e6 (7... Bf5 8.
e3 e6 9. g4 Bg6 10. h4 b4 11. Na4 Ne4 12. h5 f6 13. hxg6 fxe5 14. Bxe5 Nd7 15.
Bd3 Nxe5 16. dxe5 h6 17. Bxe4 dxe4 18. Qc2 Rc8 19. Qxe4 Be7 20. Rd1 Qc7 21. Qf3
Rf8 22. Qe4 Qc4 23. Qxc4 Rxc4 {Zsinka,L-Kiss,F/Zalakaros op (02)/1995/1-0 (49)}
) 8. e3 Nbd7 {The simiopen character of the position enables black to first
expand on the queenside and only later worry about the development.} 9. Bd3
Nxe5 (9... Bb7 10. O-O Be7 11. a4 b4 12. Ne2 (12. Na2 {Greenfeld} O-O 13. Nc1
Nxe5 14. dxe5 Nd7 15. Nb3 Rc8 16. Qe2 $14 {Gelfand,B-Shirov,A/Chalkidiki/1993})
12... Rc8 13. a5 O-O 14. Nc1 Nxe5 15. Bxe5 Ne4 16. Nb3 Rc6 17. f3 Nf6 18. Qd2
Nd7 19. Bg3 Qa8 20. Rae1 {Huebner,R-Pieper Emden,C/BL 9091/1991/1-0 (63)}) 10.
Bxe5 Nd7 {ה} (10... Bd6 11. O-O Bb7 12. a4 b4 13. Bxd6 Qxd6 14. Na2 O-O 15. a5
Rfb8 {1/2-1/2 Lukacs,P-Rogozenko,D/Budapest FS05 GM (04)/1995/}) (10... Be7 {
Greenfeld}) 11. Bg3 Nb6 (11... Bb7 {Greenfeld} 12. O-O Be7 13. Qb3 $1 $14 {
/\ 14.a4 b4 15.a5}) (11... Be7 {Greenfeld}) 12. O-O {@} Bd7 (12... Bb7 13. Rc1
Rc8 14. Qh5 $14) (12... Be7 {Greenfeld} 13. Be5 $1 (13. Rc1 Ra7) 13... Bf6 (
13... O-O 14. Qc2 {/\ Nb5}) 14. Bxf6 Qxf6 15. a4 b4 16. a5 $1 $16) (12... Bd6
$5 {Greenfeld}) 13. e4 {|^ Baburin: Having a lead in development, White is
obliged to open the centre in order to seize the initiative.} b4 14. Ne2 dxe4
$6 {Opening the position is quite risky, black forgets about his lack of the
development.} (14... Be7 15. Rc1 (15. Nf4 {Greenfeld}) 15... Ra7 16. f3 O-O $14
) 15. Bxe4 Ra7 (15... Nd5 {Baburin} 16. Nf4 Bc6 17. Rc1 $36) 16. Nf4 Be7 17.
Qf3 (17. Nh5 $6 {Greenfeld} g6 $8 (17... O-O 18. Nxg7 $1 Kxg7 19. Be5+ $18)) (
17. Rc1 {Greenfeld} O-O 18. Qf3 $16) 17... Nc4 {Baburin: This is far too
optimistic - Black should have preffered 17...O-O instead.} 18. d5 {[#]Here
along with all the usual reasons for such a typical break there is one special
reason added - the black king is still in the centre.} e5 (18... Nd2 19. Qe3
Nxf1 20. Rxf1 (20. Qxa7 Nxg3 21. hxg3 (21. dxe6 $1 {Greenfeld} Nxe4 (21... fxe6
22. hxg3 Qc8 23. Nd3 O-O 24. Rc1) 22. exd7+ Kf8 23. Rc1 Nd6 24. Nd5 $18) 21...
e5 $14) 20... Rc7 21. dxe6 fxe6 22. Ng6 $1 $16) 19. Ne6 $1 {Baburin: For the
sacrificed piece White gets long-term positional compensation with the black
king stuck in the centre.} fxe6 (19... Nd2 20. Qh5 $18) 20. dxe6 Bxe6 21. Bc6+
Bd7 (21... Rd7 22. Rfc1 (22. Rad1 Nxb2 (22... Bf6 23. b3 Nb6 (23... Na5 24.
Bxd7+ Bxd7 25. Bxe5) 24. Rd6 Ke7 25. Bxd7 Nxd7 26. Rxa6 $16) 23. Bxd7+ Bxd7 24.
Rd5 $1 $18 (24. Qh5+ Kf8) (24. Bxe5 Nxd1 25. Bxg7 Qc7 26. Bxh8 Nc3)) 22... Rf8
23. Qe4 $40) 22. Bd5 Nd6 (22... Rf8 23. Qh5+ g6 24. Qxh7 Qc8 25. b3 (25. Rfc1
Rc7) 25... Nd6 26. Qxg6+ Kd8 27. Bxe5 $40) 23. Bxe5 {The pishops's pair is
dominating the position, weaknesses of g7 and b4 pawns are contributing to the
white's compensation for the sacrificed piece. With two pawns and full
deployment White is in a dominating position.} Rf8 (23... Bb5 24. Bxg7 Bxf1 25.
Rxf1 Rf8 26. Bc6+ Rd7 27. Bxf8 Bxf8 28. Qh5+ $18) (23... Nf5 24. Bxg7) 24. Qe3
{>=} (24. Qh5+ g6 25. Qxh7 $18) 24... Qb8 (24... Nb5 25. Rfe1 g6 26. Bb8 $16) (
24... Nc8 {Baburin} 25. Rad1 $40) 25. Rfe1 (25. Bxg7 $4 Nf5) 25... Kd8 26. Rad1
{Baburin: A spectacular position - all the white pieces are perfectly
centralised!} (26. Bd4 Nf5) 26... Re8 (26... Rc7 27. Be6 Rb7 28. Bxg7 Re8 29.
Qd3 $40) (26... Rf6 $1 $16 {Greenfeld}) 27. Bf7 Rf8 28. Bb3 (28. Bd4 $5 {
Greenfeld} Rxf7 (28... Nf5 29. Bb6+ Rc7 30. Rxd7+ $1 Kxd7 31. Qe6+ Kd8 32. Rd1+
) 29. Bxa7 Qb5 30. Bb6+ Kc8 31. Rc1+ $40) 28... Rb7 {Black seems to be unable
to improve his position.} (28... Re8 29. Qg3 Bf8 30. Re3 Rxe5 31. Rxe5 $16) (
28... Re8 {Greenfeld}) 29. Bxg7 Re8 (29... Nf5 {Greenfeld} 30. Qe6) 30. Be5 Rb6
31. Bf7 Rf8 32. Bd4 Nc8 33. Bxb6+ Qxb6 34. Be6 1-0